Olympics medal table - Sydney 2000 - Statistics

General Stats
  • This quiz has been taken 45 times
  • The average score is 9 of 10
Answer Stats
Gold Silver Bronze Total Nation % Correct
28 16 15 59 China
100%
36 24 31 91 United States
100%
13 14 11 38 France
98%
11 10 7 28 Great Britain
98%
13 17 26 56 Germany
95%
32 28 29 89 Russia
95%
16 25 17 58 Australia
93%
13 8 13 34 Italy
90%
8 10 10 28 South Korea
74%
11 11 7 29 Cuba
26%
No matching quizzes found
Score Distribution
Percent of People with Each Score
Percentile by Number Answered
Your Score History
You have not taken this quiz